LAUTECH

Santeria: (Record no. 41589)

MARC details
000 -LEADER
fixed length control field 00529nam a2200169 4500
008 - FIXED-LENGTH DATA ELEMENTS--GENERAL INFORMATION
fixed length control field 260703b |||||||| |||| 00| 0 eng d
020 ## - INTERNATIONAL STANDARD BOOK NUMBER
ISBN 9780802849731
100 ## - MAIN ENTRY--AUTHOR
Author De La Torre , Miguel .A.
245 ## - TITLE STATEMENT
Title Santeria:
Remainder of title The Beliefs and Rituals of a Growing Religion in America /
Statement of responsibility, etc Miguel A. De la Torre .
260 ## - PUBLICATION, DISTRIBUTION, ETC. (IMPRINT)
Place of publication America
Name of publisher Williams B.Eerdmans Publishing housen
Date of publication 2004
300 ## - PHYSICAL DESCRIPTION
Pagination xvii, 246p.
Other physical details illus.
500 ## - GENERAL NOTE
General note it includes index.
650 ## - SUBJECT ADDED ENTRY--TOPICAL TERM
Topical term Santeria
942 ## - ADDED ENTRY ELEMENTS (KOHA)
Item type Books
050 ## - LIBRARY OF CONGRESS CALL NUMBER
Classification number BL2532
Holdings
Source of classification or shelving scheme Not for loan Collection code Home library Current library Shelving location Date acquired Mode of acquisition Full call number Accen. No. Copy number Koha item type
Library of Congress Classification   Non-fiction OLUSEGUN OKE LIBRARY LAUTECH OLUSEGUN OKE LIBRARY LAUTECH Olusegun Oke Library North Reading Room 03/07/2026 Purchased BL2532.S3D4 2004 00052700 1 Books